| 000 | 01529nam a2200397 c 4500 | ||
|---|---|---|---|
| 003 | BLK | ||
| 005 | 20240704120008.0 | ||
| 008 | 180408b bul|||||r ||||||| ||bul|| | ||
| 010 | _aKNG00084399000 | ||
| 020 |
_a978-954-535-498-4 _bиздат.: Нов бълг. унив. |
||
| 040 | _aBLK | ||
| 041 |
_aBUL _cBUL |
||
| 080 |
_aОбща световна история. История на света _b930.9 _x _z930.9 |
||
| 080 |
_aИстория на България _b94(497.2) _x _z94(497.2) |
||
| 100 | 1 |
_aЦветков, Пламен Симеонов _eпърви автор _9365784 |
|
| 139 |
_aЦветков, Пламен Симеонов _bЦ 34 |
||
| 245 | 1 | 0 |
_aСветът на мегамитовете _bНякои полит. и историографски митове на ХХ в. _cПламен Симеонов Цветков. |
| 257 | _aBGR | ||
| 260 |
_аСофия _bНов бълг. унив. _c2008 |
||
| 300 |
_a431 с. _c24 см |
||
| 380 | _a3 | ||
| 500 | _aАзб. показалец ; Библиогр. с. 393-398. | ||
| 504 | _a393-398 | ||
| 650 | 4 |
_aистория _9157727 |
|
| 650 | 4 |
_aСвят - история _9269230 |
|
| 651 | 4 |
_aСвят _9179507 |
|
| 651 | 4 |
_aБългария _9241624 |
|
| 653 | _aистория | ||
| 653 | _aбългарска история | ||
| 852 | _aЦб 240478 | ||
| 856 | 4 |
_qpdf _u |
|
| 856 | 4 |
_qpdf _u |
|
| 942 |
_cKNG _n0 _07 |
||
| 944 |
_aCR _c18.06.2008 _lЦветомила Тодорова _k30576 |
||
| 944 |
_aED _c26.01.2009 _lф / _k |
||
| 999 |
_c79916 _d79916 |
||